Príjmy občanov Slovenskej republiky zaostávajú a ich štruktúra sa deformuje

Ekonomika SR zažila v rokoch 2005-2010 rýchly rast, ale i pád. Jej výkonnosť sa postupne približovala k priemeru HDP na obyvateľa EÚ. V tom čase vzrástli priemerné príjmy obyvateľov. Ich štruktúra sa ďalej deformuje. V priemerných mesačných mzdách podľa krajov existujú veľké rozdiely. V spoločnosti...

Descrizione completa

Salvato in:
Dettagli Bibliografici
Autore principale: Sedlák, Mikuláš
Natura: Capitolo di libro
Lingua:slovacco
Soggetti:
Tags: Aggiungi Tag
Nessun Tag, puoi essere il primo ad aggiungerne!!

MARC

LEADER 00000nla$a2200000$$$4500
001 0134230
005 20221103133831.3
041 0 |a slo 
044 |a SK 
245 1 0 |a Príjmy občanov Slovenskej republiky zaostávajú a ich štruktúra sa deformuje  |c Mikuláš Sedlák 
520 |a Ekonomika SR zažila v rokoch 2005-2010 rýchly rast, ale i pád. Jej výkonnosť sa postupne približovala k priemeru HDP na obyvateľa EÚ. V tom čase vzrástli priemerné príjmy obyvateľov. Ich štruktúra sa ďalej deformuje. V priemerných mesačných mzdách podľa krajov existujú veľké rozdiely. V spoločnosti žijú značne sociálne postihnutí starobní dôchodcovia. V SR je rovnako prenikavý rozdiel v úrovni odmeňovania oproti vyspelým štátom Európy. 
610 2 0 |a hospodárstvo národné 
610 2 0 |a Slovensko 
610 2 0 |a občania 
610 2 0 |a príjmy obyvateľstva 
610 2 0 |a mzdy 
610 2 0 |a regióny 
100 1 |a Sedlák, Mikuláš